Nihon Kyōsantō ketsugi kettei shū. Dai 20.

Saved in:
Bibliographic Details
Corporate Author: Nihon Kyōsantō. Chūō Iinkai.
Format: Book
Language:Japanese
Published: Tōkyō : Nihon Kyōsantō Chūō Iinkai Shuppankyoku, 1969.
Subjects:
Tags: Add Tag
No Tags, Be the first to tag this record!
LEADER 00888nam a2200241ui 4500
001 007775488-3
005 20024617122053.0
008 980427s1969 ja 000 0 jpn d
035 0 |a ocm39022494 
040 |a *YNH*  |c *YNH*  |d CStRLIN 
110 2 |6 880-01  |a Nihon Kyōsantō.  |b Chūō Iinkai. 
245 1 0 |6 880-02  |a Nihon Kyōsantō ketsugi kettei shū.  |n Dai 20. 
260 |6 880-03  |a Tōkyō :  |b Nihon Kyōsantō Chūō Iinkai Shuppankyoku,  |c 1969. 
300 |a 195 p. ;  |c 19 cm. 
505 0 |6 880-04  |a 1969-nen 1-gatsu-1969-nen 7-gatsu. 
610 2 0 |6 880-05  |a Nihon Kyōsantō. 
880 2 |6 110-01  |a 日本共産党.  |b 中央委員会. 
880 1 0 |6 245-02  |a 日本共産党決議決定集.  |n 第20. 
880 |6 260-03  |a 東京 :  |b 日本共産党中央委員会出版局,  |c 1969. 
880 0 |6 505-04  |a 1969年1月--1969年7月. 
880 2 0 |6 610-05  |a 日本共産党. 
988 |a 20021221 
906 |0 MH